000 00746nam a2200289Ia 4500
001 15933
003 IT-RoPAU
008 130308s9999 xx 000 0 und d
040 _aIT-RoPAU
040 _cIT-RoPAU
041 _aITALIANO
100 _aRomeo Lucio
100 _gCodice Aut. SPICS: 1924
245 _aComplementare (Il)-Atto unico
245 _bTeatrorazero-Proposte Televisive
250 _a1a ed.
260 _aROMA
260 _bOrazero
260 _c1970 [1° Ed.:1970 - Ed.Ling.Originale:1970]
300 _a"9 p. (prefazione: no ; testo: 9 [pagine: 85-93])"
650 _aAUTORI/OPERE DELLA TELEVISIONE
650 _eCodice materia Spics: 6957
942 _cBK
957 _71
999 _c57407
_d57407
999 _bSI
999 _g1